| 000 | 00745nam a22001577a 4500 | ||
|---|---|---|---|
| 003 | OSt | ||
| 005 | 20150919101332.0 | ||
| 008 | 150919b xxu||||| |||| 00| 0 eng d | ||
| 040 | _cRUA | ||
| 082 | _aAGR CHH 2004 B030 Or.1 | ||
| 100 |
_9835 _aCHHUON, PUTHIRORT. |
||
| 245 | _aeffect souse of seedling on growing and yield of senpidor in royal university of agriculture ( ឥទ្ធិពលនៃការផ្អាប់សំណាបទៅលើការលូតលាស់និងទិន្នផលរបស់ស្រូូវសែនពិដោរ នៅសាកលវិទ្យាល័យភូមិន្ទកសិកម្ម ) | ||
| 260 |
_aPhnom Penh _bRUA _c2004 |
||
| 300 |
_a50p. _bill. _c29cm. |
||
| 942 |
_2ddc _cAGR |
||
| 999 |
_c803 _d803 |
||